[Event "Catarinense-ch"]
[Site "Concordia"]
[Date "2025.03.02"]
[Round "5"]
[White "Neto, Luciano Lobato"]
[Black "Hilger, Lorenzo Francisco"]
[Result "1-0"]
[WhiteElo "1800"]
[BlackElo "1800"]
[PlyCount "43"]
[EventDate "2025.02.28"]
[EventType "swiss"]
[EventRounds "6"]
[EventCountry "BRA"]
[SourceTitle "CB10_2025"]
[SourceDate "2025.03.05"]
[SourceVersion "1"]
[SourceVersionDate "2025.03.05"]
[SourceQuality "1"]

1. e4 e5 2. Nf3 Nc6 3. Bc4 Nf6 4. Ng5 Qe7 5. Bxf7+ Kd8 6. Bb3 d5 7. exd5 Nd4 8. Nc3 h6 9. d6 cxd6 10. Nf7+ Kd7 11. Nxh8 Kc7 12. Ng6 Qe8 13. Nxf8 Qxf8 14. Nd5+ Nxd5 15. Bxd5 Bf5 16. d3 Re8 17. c3 Ne6 18. Qb3 Nc5 19. Qc4 Kb8 20. Be3 Nxd3+ 21. Kd2 Nxb2 22. Bxa7+ 1-0

[Event "Catarinense-ch"]
[Site "Concordia"]
[Date "2025.03.01"]
[Round "3"]
[White "Rahn, Marlon Cristiano"]
[Black "Hilger, Lorenzo Francisco"]
[Result "1-0"]
[WhiteElo "1557"]
[BlackElo "1800"]
[PlyCount "77"]
[EventDate "2025.02.28"]
[EventType "swiss"]
[EventRounds "6"]
[EventCountry "BRA"]
[SourceTitle "CB10_2025"]
[SourceDate "2025.03.05"]
[SourceVersion "1"]
[SourceVersionDate "2025.03.05"]
[SourceQuality "1"]

1. e4 e5 2. Nf3 Nc6 3. Bc4 Nf6 4. d3 Be7 5. c3 0-0 6. 0-0 d6 7. Nbd2 Be6 8. Bb5 d5 9. Re1 d4 10. Bxc6 bxc6 11. cxd4 exd4 12. Ne5 c5 13. Nc6 Qd7 14. Nxe7+ Qxe7 15. b3 Rfe8 16. Nf3 Bg4 17. Bg5 h6 18. Bh4 Qe6 19. Bxf6 Qxf6 20. h3 Bxf3 21. Qxf3 Qxf3 22. gxf3 Re6 23. f4 Rg6+ 24. Kh2 Re8 25. Rac1 Rc6 26. Rc4 f5 27. e5 Ree6 28. Rec1 g5 29. Kg3 Kg7 30. Rxc5 Rxc5 31. Rxc5 c6 32. fxg5 hxg5 33. f4 Kg6 34. fxg5 Kxg5 35. h4+ Kg6 36. Kf4 Kh5 37. Kxf5 Rh6 38. Ke4 Kxh4 39. Kxd4 1-0